00528nam a2200133Ia 4500008004100000020001800041100003600059245010400095260003900199650001400238856005000252999001900302952007300321171212s9999 xx 000 0 und d a9780980623895 aAnderson, Kym;Bosworth, Michael cAnderson, Kym;Bosworth, MichaelaReforming Trade Policy in Papua New Guinea and the Pacific Islands bUniversity of Adelaide Pressc2000 aEconomics uhttp://jstor.org/stable/10.20851/j.ctt1t304pw c352943d352943 001040aCLbCLd2017-12-12l0r2017-12-12 00:00:00w2017-12-12yCBE